Porch Light Noah Kahan (Full lyrics) - Statistics

General Stats
  • This quiz has been taken 128 times
  • The average score is 342 of 428
Answer Stats
Answer % Correct
I
98%
you
98%
You
98%
a
96%
in
96%
an
95%
It
95%
it
95%
the
95%
And
93%
and
93%
it's
93%
on
93%
But
91%
but
91%
me
91%
your
91%
all
89%
be
89%
for
89%
light
89%
my
89%
do
88%
don't
88%
porch
88%
been
86%
I'll
86%
leave
86%
to
86%
how
84%
lungs
84%
you're
84%
You're
84%
you've
84%
cold
82%
no
82%
Poison
82%
spreading
82%
that
82%
That
82%
Then
82%
ask
81%
ghost
81%
internet
81%
over
81%
we
81%
would
81%
at
79%
holdin
79%
i'm
79%
I'm
79%
know
79%
pray
79%
So
79%
so
79%
when
79%
ain't
77%
is
77%
any
75%
off
75%
out
75%
this
75%
call
74%
tell
74%
Tell
74%
alone
72%
breath
72%
If
72%
medicine
72%
not
72%
pain
72%
stopped
72%
thing
72%
turns
72%
apology
70%
goes
70%
make
70%
taking
70%
think
70%
what
70%
faith
68%
half
68%
knew
68%
there
68%
after
67%
irrelevant
67%
or
67%
autopsy
65%
Heartbroken
65%
made
65%
morning
65%
raining
65%
you'll
65%
benefit
63%
callin
63%
cause
63%
crowd
63%
down
63%
each
63%
into
63%
shame
63%
sick
63%
up
63%
can
61%
face
61%
famous
61%
giving
61%
guess
61%
looking
61%
lost
61%
picked
61%
quits
61%
wait
61%
whatever
61%
wrong
61%
allows
60%
hope
60%
only
60%
should
60%
some
60%
time
60%
weather
58%
holding
56%
messaging
56%
are
54%
choke
54%
mixed
54%
shut
54%
slip
54%
fault
53%
bills
51%
half-assed
51%
hey
51%
ramblin
51%
try
51%
want
51%
baby
49%
just
49%
pay
49%
taste
49%
here
47%
lot
47%
parking
47%
dad's
46%
mean
46%
reappear
46%
sit
46%
eloquently
44%
like
44%
Mm-mm
44%
road
44%
winding
44%
act
42%
salt
42%
eyeballs
40%
drown
39%
needs
39%
talk
39%
people
33%
No matching quizzes found
Score Distribution
Percent of People with Each Score
Percentile by Number Answered
Your Score History
You have not taken this quiz